Transnational Solidarity and Public Support for the EU Enlargement
Vysvetlenie postojov k integrácii a rozšíreniu procesov v rámci EÚ, otázky identity, dôvery v politické inštitúcie, post-materializmu, kognitívnej mobilizácie a utilitarizmu.
Gespeichert in:
| 1. Verfasser: | |
|---|---|
| Weitere Verfasser: | |
| Format: | Buchkapitel |
| Sprache: | Englisch |
| Schlagworte: | |
| Tags: |
Keine Tags, Fügen Sie das erste Tag hinzu!
|
MARC
| LEADER | 00000naa a2200000 4500 | ||
|---|---|---|---|
| 001 | 0192766 | ||
| 005 | 20231208094103.8 | ||
| 041 | 0 | |a eng | |
| 044 | |a SK | ||
| 245 | 1 | 0 | |a Transnational Solidarity and Public Support for the EU Enlargement |c Horaţiu Rusu, Andrei Gheorghiţă |
| 520 | |a Vysvetlenie postojov k integrácii a rozšíreniu procesov v rámci EÚ, otázky identity, dôvery v politické inštitúcie, post-materializmu, kognitívnej mobilizácie a utilitarizmu. | ||
| 610 | 2 | 0 | |a Európska únia |
| 610 | 2 | 0 | |a integrácia ekonomická medzinárodná |
| 610 | 2 | 0 | |a spolupráca hospodárska medzinárodná |
| 610 | 2 | 0 | |a únie hospodárske |
| 100 | 1 | |a Rusu, Horaţiu | |
| 700 | 1 | |a Gheorghiţă, Andrei | |